书目信息 |
| 书名: | American tragedy | |
| 作者: | David Kaiser. | |
| 分册号: | ||
| 分册名: | 出版地: | Cambridge, Mass. : |
|
| 出版社: | Belknap Press of Harvard University Press | |
| 出版时间: | 2000. | |
| 页数: | 566 p., [32] p. of plates : | |
| 开本: | 23 cm. | |
| 丛书名: | ||
| 中图分类号: | ||
| 科图分类号: | ||
| 其他分类号: | K333.52 | |
| 主题词: | ||
| 电子资源: | ||
| 000 | 01099cam 2200289 a 4500 | |
| 001 | E0733753188 | |
| 005 | 20070407092907.71 | |
| 008 | 991012s2000 mauabf b 001 0 eng | |
| 010 | @a 99052925 | |
| 020 | @a0-674-00672-0. | |
| 020 | @a0674002253 (alk. paper). | |
| 040 | @aDLC@cDLC@dDLC | |
| 043 | @aa-vt---@an-us--- | |
| 090 | @aK333.52/X11 | |
| 090 | @aK333.52 | |
| 093 | @aK333.52 @2 4 | |
| 099 | @dK333.52@ex4 | |
| 100 | 1 | @aKaiser, David E.,@d1947- |
| 245 | 10 | @aAmerican tragedy :@bKennedy, Johnson, and the origins of the Vietnam War / @cDavid Kaiser. |
| 260 | @aCambridge, Mass. :@bBelknap Press of Harvard University Press,@c2000. | |
| 300 | @a566 p., [32] p. of plates :@bill., maps ;@c23 cm. | |
| 504 | @aIncludes bibliographical references (p. [503]-556) and index. | |
| 600 | 10 | @aJohnson, Lyndon B.@d1908-1973. |
| 600 | 10 | @aKennedy, John F.@d1917-1963. |
| 650 | 0 | @aVietnamese Conflict, 1961-1975@zUnited States. |
| 651 | 0 | @aUnited States@xPolitics and government@y1961-1963. |
| 651 | 0 | @aUnited States@xPolitics and government@y1963-1969. |
| American tragedy : : Kennedy, Johnson, and the origins of the Vietnam War / / David Kaiser.-Cambridge, Mass. : : Belknap Press of Harvard University Press, , 2000. |
| 566 p., [32] p. of plates : : ill., maps ; ; 23 cm. |
| Includes bibliographical references (p. [503]-556) and index. |
| ISBN 0-674-00672-0. |
| ● |
| 相关链接 |
|
|
|
|
正题名:American tragedy
索取号:K333.52/x4
 
预约/预借
| 序号 | 登录号 | 条形码 | 馆藏地/架位号 | 状态 | 备注 |
| 1 | 3881 | 300038812 | 第二样本阅览室/ [索取号:K333.52/x4] | 在馆 | |
| 2 | 3882 | 300038821 | 第四借阅区/ [索取号:K333.52/x4] | 在馆 |